LEADER 01021nam0 2200289 450 001 000005053 005 20031119161944.0 010 $a88-324-4642-1 100 $a20031030d2002----km-y0itay50------ba 101 0 $aita 102 $aIT 200 1 $a<>finanziamenti pubblici alle piccole e medie imprese$eguida operativa alla finanza agevolata europea, nazionale e regionale$fNicola Zerboni 210 $aMilano$cIl Sole 24 ore$d2002 215 $aX, 470 p.$d24 cm 225 2 $aSocietà 300 $aIn testa al front.: Eureca 307 $aSegue : appendice normativa 410 0$12001$aSocietà 610 1 $aMedie imprese$aFinanziamenti pubblici$aGuide pratiche 610 1 $aPiccole imprese$aFinanziamenti pubblici$aGuide pratiche 676 $a343.450742 700 1$aZerboni,$bNicola$0416179 801 0$aIT $bUNIPARTHENOPE $gRICA $2UNIMARC 912 $a000005053 951 $cNAVA1$a343-F/4$b36318$d20031030 996 $aFinanziamenti pubblici alle piccole e medie imprese$9692838 997 $aUNIPARTHENOPE LEADER 01176nam0 22002891i 450 001 UON00097436 005 20231205102539.151 100 $a20020107d1984 |0itac50 ba 101 $aita 102 $aIT 105 $a|||| 1|||| 200 1 $aˆLa ‰Didattica del latino$eProspettive, modelli ed indicazioni metodologiche per lo studio e l'insegnamento della lingua e della cultura latina$fDi G. Proverbio, R. Lamacchia, P. Fedeli, A. Santoro 205 $a2a ed 210 $aFoggia$cAtlantica$dc1984 215 $a192 p.$d cm 620 $dFoggia$3UONL000027 700 1$aProverbio$bGermano$3UONV080127$0186639 701 1$aFEDELI$bPaolo$3UONV057213$0161460 701 1$aLAMACCHIA$bRosa$3UONV059619$0181927 701 1$aSANTORO$bA.$3UONV063234$0348156 712 $aAtlantica$3UONV258999$4650 801 $aIT$bSOL$c20250307$gRICA 899 $aSIBA - SISTEMA BIBLIOTECARIO DI ATENEO$2UONSI 912 $aUON00097436 950 $aSIBA - SISTEMA BIBLIOTECARIO DI ATENEO$dSI P 5 0224 $eSI MC 8980 5 $sSmarrito 996 $aDidattica del latino$91303435 997 $aUNIOR